| 000 | 00957nam a2200277Ia 4500 | ||
|---|---|---|---|
| 005 | 20211105120552.0 | ||
| 008 | 130821s2005 mx gr spa | ||
| 020 | _a9706864202 | ||
| 040 |
_aCO-BoUCM _bspa _cJose A. Gerena (modificó) _d[Nuevo] |
||
| 041 | 0 | 0 | _aspa |
| 100 | 1 |
_aNicholson, Walter E. _941733 |
|
| 245 | 1 | 0 |
_aMicroeconomía Intermedia y sus aplicaciones _cWalter E. Nicholson |
| 250 | _a9a ed | ||
| 260 |
_aMéxico D.F. (México) _bThomson _c2005 |
||
| 300 | _axxviii, 615 páginas | ||
| 650 | 0 | 7 |
_aDemanda (Teoría económica) _912607 |
| 650 | 0 | 7 |
_aEconomía de mercado _913678 |
| 650 | 0 | 7 |
_aEquilibrio (Economía) _914689 |
| 650 | 0 | 7 |
_aMicroeconomía _919488 |
| 650 | 0 | 7 |
_aOferta y demanda _920709 |
| 650 | 0 | 7 |
_aTeoría de los juegos _925291 |
| 690 |
_aMicroeconomía _919488 |
||
| 765 | _aIntermediate microeconomics and its application. | ||
| 942 |
_cLIBRO _a7 _e9 _mN624mtho _2DEWEY _h338.5 |
||
| 999 |
_c61169 _d61169 |
||